ڿϢ |
| 索取号 |
N5/XBDX
|
| 题名 |
ѧѧ
|
| 作者 |
ѧѧ༭
|
| 分册号 |
|
| 分册名 |
|
| 出版地 |
|
| 出版者 |
ѧѧ༭
|
| 标准刊号 |
1000-274X
|
| 出版频率 |
|
| 中图法分类 |
N5
|
| 主题词 |
Ȼѧ ; Ȼѧ ļ; Ȼѧ
|
| 电子资源 | |
| |
|
| 000 | 00747nas0 2200253 45 | |
| 001 | 0552754062 | |
| 005 | 20190701102411.11 | |
| 010 | @d10 | |
| 011 | @a1000-274X@dCNY2.00(1996) | |
| 091 | @aCN61-1072/N | |
| 092 | @b52-10 | |
| 100 | @a20051129d km y0chiy0120 ea | |
| 101 | 0 | @achi |
| 200 | 1 | @aѧѧ@AXi Bei Da Xue Xue Bao@iȻѧ@fѧѧ༭@FXi Bei Da Xue Xue Bao Bian Ji Bu |
| 210 | @a@cѧѧ༭ | |
| 326 | @a | |
| 517 | 1 | @aȻѧ@AZi Ran Ke Xue Ban |
| 606 | 0 | @aȻѧ@x |
| 606 | 0 | @aȻѧ@xļ |
| 606 | 0 | @aȻѧ@x |
| 690 | @aN5@v4 | |
| 711 | 0 | @aѧѧ༭@AXi Bei Da Xue Xue Bao Bian Ji Bu |
| 801 | 0 | @aCN@bPFT@c20070710 |
| 905 | @aTJWY@dN5@eXBDX | |
| ѧѧ.Ȼѧ/ѧѧ༭.-ѧѧ༭ |
| 10 ISSN 1000-274XCNY2.00(1996) |
| ● |
| 相关链接: |
|
|
|
|